000
00185 a2200097 4500
020
_a
9684038569
041
_a
spa
100
_a
Damasco,pio
245
_a
Encuentro con angeles
942
_c
BK
999
_c
2735
_d
2735